000 00691nam a2200289Ia 4500
005 20260324141554.0
008 008 260324s9999 xx 000 0 eng d
020 _a9780429502187
037 _aEBOOK
040 _aCRL
040 _beng
040 _cCRL
041 _2eng
041 _aeng
084 _qCRL
100 _aAnn Cvetkovich
_91208689
245 0 _aArticulating The Global And The Local
245 0 _bGlobalization And Cultural Studies
260 _bTaylor and Francis
260 _c1997
365 _a
365 _b230
856 _uhttp://www.taylorfrancis.com/books/9780429502187
942 _cEBOOK
999 _c1811932
_d1811932